000 00440nam a22001817a 4500
003 OSt
005 20180116182953.0
008 140101b xxu||||| |||| 00| 0 eng d
020 _a9788175541894
040 _a0
_c0
082 _a613.7046 TAY 2002
100 _aRos Taylor
245 _aTransform Yourself
_cRos Taylor
260 _aIndia
_bRaj Press
_c2002
300 _a148p.
_bPB
440 _aTransform Yourself !
942 _2ddc
_cBK
999 _c349582
_d349582